[Event "3rd HD Bank Cup 2013"]
[Site "Ho Chi Minh City VIE"]
[Date "2013.03.21"]
[Round "5.24"]
[White "Bui Vinh"]
[Black "Nguyen Thi Mai Hung"]
[Result "1-0"]
[WhiteElo "2415"]
[BlackElo "2271"]

1.d4 d5 2.c4 c6 3.Nf3 Nf6 4.Qc2 dxc4 5.Qxc4 Bf5 6.g3 e6 7.Bg2 Be7 8.O-O O-O
9.Nc3 Nbd7 10.e3 Ne4 11.Nd2 Nxc3 12.bxc3 Bg6 13.e4 Qa5 14.Nb3 Qh5 15.h3 Nf6
16.Qd3 Qb5 17.c4 Qa6 18.f4 h6 19.g4 Bh7 20.f5 Rad8 21.Qc3 Nd7 22.e5 Rfe8
23.c5 Bf8 24.Rf2 b6 25.cxb6 Nxb6 26.Qxc6 Rc8 27.Qb7 Qa4 28.Be3 Rb8 29.Qc6 Qa3
30.Raf1 Rec8 31.Bc1 Qb4 32.Bd2 Qc4 33.Qf3 Qc7 34.h4 Nc4 35.Bc1 a5 36.Nd2 exf5
37.gxf5 Qd8 38.Qf4 Nxd2 39.Bxd2 Rc4 40.Be3 Rbb4 41.Rd2 Ra4 42.e6 Bb4 43.Rb2 fxe6
44.fxe6 Bg6 45.Qe5 Bd6 46.Qd5 Qe7 47.Rb7 Rc7 48.Rb8+ Kh7 49.h5 Be8 50.Be4+ g6
51.Rxe8 Qh4 52.Qxd6 Qg4+ 53.Bg2  1-0

[Event "Women Star Rapid 2013"]
[Site "Huashan City CHN"]
[Date "2013.03.21"]
[Round "6.1"]
[White "Ju Wenjun"]
[Black "Ushenina,A"]
[Result "0-1"]
[WhiteElo "2505"]
[BlackElo "2477"]

1.d4 d5 2.c4 c6 3.Nf3 Nf6 4.Qc2 dxc4 5.Qxc4 e6 6.Bg5 h6 7.Bh4 b5 8.Qc2 Bb7
9.e3 Nbd7 10.Nbd2 Rc8 11.Ne5 Qb6 12.Qb3 Nxe5 13.dxe5 Nd5 14.a3 a6 15.e4 Nf4
16.Bg3 Nh5 17.Be2 Nxg3 18.hxg3 Qc7 19.f4 c5 20.Qc3 c4 21.f5 Bc5 22.fxe6 O-O
23.Bg4 Rcd8 24.Rf1 Rd3 25.Qc2 Re3+ 26.Kd1 Qxe5 27.exf7+ Rxf7 28.Bf3 Rd7 29.Kc1 Red3
30.Nxc4 bxc4 31.Qxc4+ Kh7 32.Kb1 Rd2 33.Ra2 Qd4 34.Qxd4 Bxd4 35.b4 Be5 36.g4 Rxa2
37.Kxa2 Rd2+ 38.Kb3 Bc8 39.Rc1 Be6+ 40.Ka4 Ra2 41.Rd1 Bb2 42.Ka5 Rxa3+ 43.Kb6 Bc4
44.Kc5 Bb5 45.Kd6 Bc3 46.Kc5 Rb3  0-1

[Event "3rd HD Bank Cup 2013"]
[Site "Ho Chi Minh City VIE"]
[Date "2013.03.22"]
[Round "6.28"]
[White "Duong The Anh"]
[Black "Nguyen,Duc Viet"]
[Result "1-0"]
[WhiteElo "2359"]
[BlackElo "2075"]

1.d4 d5 2.c4 c6 3.Nf3 Nf6 4.Qb3 dxc4 5.Qxc4 Bf5 6.g3 e6 7.Bg2 Nbd7 8.O-O Be7
9.Nc3 h6 10.Re1 Ne4 11.Qb3 Qb6 12.Nh4 Qxb3 13.axb3 Bxh4 14.gxh4 Nef6 15.b4 O-O
16.b5 Nb8 17.e4 Bg6 18.Be3 a6 19.d5 exd5 20.exd5 cxb5 21.Nxb5 Nbd7 22.Nd6 b5
23.Bd4 Bc2 24.Rac1 Bb3 25.Rc7 Rad8 26.Nb7 Rc8 27.Rec1 Rxc7 28.Rxc7 Re8 29.Be3 Re5
30.d6 Bd5 31.Nc5 Bxg2 32.Nxd7 Nxd7 33.Kxg2  1-0

[Event "TCh-CZE Extraliga 2012-13"]
[Site "Czech Republic CZE"]
[Date "2013.03.23"]
[Round "7.5"]
[White "Jirovsky,M"]
[Black "Velicka,P"]
[Result "1-0"]
[WhiteElo "2453"]
[BlackElo "2469"]

1.d4 d5 2.Nf3 Nf6 3.c4 c6 4.Qb3 Qb6 5.Nc3 Bg4 6.c5 Qxb3 7.axb3 Bxf3 8.gxf3 e5
9.e3 g6 10.b4 Nfd7 11.dxe5 Nxe5 12.Be2 f5 13.Bd2 Nbd7 14.f4 Ng4 15.Bxg4 fxg4
16.Ne2 Bg7 17.Bc3 Kf7 18.Bxg7 Kxg7 19.Nd4 Kf6 20.Ke2 a6 21.h3 h5 22.hxg4 hxg4
23.Rxh8 Rxh8 24.Rg1 a5 25.bxa5 Nxc5 26.Rxg4 Rh1 27.b4 Ne4 28.f3 Nc3+ 29.Kd2 Na2
30.a6 Rh2+ 31.Ke1 Nxb4 32.axb7 Rb2 33.Kf1 Nd3 34.Nxc6 Rxb7 35.Rg5 Rb6 36.Ne5 Nxe5
37.Rxe5 d4 38.exd4 Rb4 39.Re4 Rb2 40.Ke1 Ra2 41.d5 Ra5 42.Rd4 Ke7 43.Kf2 Kd6
44.Kg3 Ra1 45.Rd2 Rh1 46.f5 gxf5 47.Kf4 Rh3 48.Rd1 Rh8 49.Kxf5 Rf8+ 50.Kg4 Rg8+
51.Kf4 Rf8+ 52.Kg3 Rg8+ 53.Kh4 Rh8+ 54.Kg5 Rg8+ 55.Kh6 Ke5 56.Kh7 Rf8 57.d6 Kf6
58.d7 Rd8 59.Rd3 Kf7 60.Kh6 Kf6 61.Kh5 Kf5 62.Kh4 Kf4 63.Kh3 Kf5 64.Kg3 Rg8+
65.Kf2 Rd8 66.Ke3 Ke5 67.Rd1 Kf5 68.f4 Kf6 69.Ke4 Ke6 70.f5+ Kf6 71.Rd6+ Kf7
72.Ke5 Ke7 73.f6+ Kf7 74.Rd1  1-0

[Event "3rd HD Bank Cup 2013"]
[Site "Ho Chi Minh City VIE"]
[Date "2013.03.23"]
[Round "7.35"]
[White "Tu Hoang Thai"]
[Black "Pham Thi Thu Hien"]
[Result "1-0"]
[WhiteElo "2291"]
[BlackElo "2132"]

1.d4 d5 2.Nf3 Nf6 3.c4 c6 4.Nbd2 Bf5 5.g3 h6 6.Bg2 e6 7.O-O Nbd7 8.b3 Be7
9.Bb2 O-O 10.Ne5 Rc8 11.Rc1 Qb6 12.c5 Qc7 13.Nd3 Rfe8 14.h3 Bf8 15.f4 Be4
16.Nf2 Bxg2 17.Kxg2 Nh7 18.e3 b6 19.b4 a5 20.a3 Rb8 21.Bc3 axb4 22.axb4 bxc5
23.bxc5 Rb5 24.Ra1 Reb8 25.Qc2 Nhf6 26.g4 Ne8 27.Nh1 Be7 28.Ng3 Bh4 29.Ne2 Nf8
30.Ng1 Bd8 31.Ngf3 Ng6 32.Kh1 Ne7 33.Rg1 Kf8 34.Ne5 f6 35.Nef3 f5 36.Ne5 Nf6
37.g5 hxg5 38.Rxg5 Ne4 39.Nxe4 fxe4 40.Rh5 Kg8 41.Rg1 Nf5 42.Qg2 Bf6 43.Qg6 Rb1
44.Rxb1 Rxb1+ 45.Kh2 Rb8 46.Qh7+ Kf8 47.Qh8+ Ke7 48.Qxb8 Bxe5 49.Qxc7+ Bxc7
50.Bd2 Kd7 51.Rg5 Bd8 52.Rg1 Bh4 53.Be1 Bd8 54.Bf2 Ba5 55.Ra1 Bd2 56.Ra3 Kc7
57.h4 Bc1 58.Rb3 Bd2 59.Kh3 Nh6 60.Rb2 Bc3 61.Rc2 Bb4 62.Ra2 Nf5 63.Kg4 Kd7
64.Kg5 Ne7 65.h5 Ke8 66.h6 gxh6+ 67.Kf6  1-0

[Event "3rd HD Bank Cup 2013"]
[Site "Ho Chi Minh City VIE"]
[Date "2013.03.23"]
[Round "8.11"]
[White "Nguyen Van Huy"]
[Black "Nguyen Huynh Minh Huy"]
[Result "1/2-1/2"]
[WhiteElo "2486"]
[BlackElo "2460"]

1.d4 d5 2.Nf3 Nf6 3.c4 c6 4.Qb3 dxc4 5.Qxc4 Bg4 6.Nbd2 Nbd7 7.g3 e6 8.Bg2 Be7
9.O-O O-O 10.Ne5 Bh5 11.Nxd7 Nxd7 12.Nb3 Rc8 13.Bf4 Nb6 14.Qd3 Nd5 15.Bd2 Nb4
16.Bxb4 Bxb4 17.Rac1 Qe7 18.Qc4 Rfd8 19.Kh1 a6 20.f4 Bd6 21.e4 Kh8 22.a4 f6
23.e5 Bb4 24.a5 Rc7 25.Rf2 f5 26.h3 h6 27.Kh2 Rcd7 28.Rg1 Rc7 29.Rc1 Rcd7
30.Rg1 Rc7  1/2-1/2

[Event "19th Schloss Open"]
[Site "Werther GER"]
[Date "2013.03.23"]
[Round "5.1"]
[White "Epishin,V"]
[Black "Hilverda,A"]
[Result "1-0"]
[WhiteElo "2607"]
[BlackElo "2321"]

1.d4 d5 2.c4 c6 3.Nf3 Nf6 4.Qb3 dxc4 5.Qxc4 Bf5 6.e3 e6 7.Nbd2 h6 8.Be2 Nbd7
9.O-O Be7 10.a4 a5 11.Rd1 O-O 12.Bd3 Nb6 13.Qc2 Bxd3 14.Qxd3 Nbd5 15.Nc4 Nb4
16.Qe2 Ne4 17.Nfd2 Nxd2 18.Bxd2 Bd6 19.Bc3 Qe7 20.e4 Rfd8 21.g3 Bc7 22.b3 f5
23.Re1 fxe4 24.Qxe4 Nd5 25.Bd2 Nf6 26.Qd3 c5 27.Qf5 cxd4 28.Rxe6 Qf7 29.Rae1 Rd5
30.Qf3 Qh5 31.Qxh5 Rxh5 32.Kg2 b5 33.Na3 bxa4 34.bxa4 Nd5 35.Nb5 Bd8 36.Re8+ Kh7
37.Nxd4 Nf6 38.R8e5 Rxe5 39.Rxe5 Bb6 40.Nf5 Ra7 41.Be3 Bxe3 42.Nxe3 Nd7 43.Rb5 Ra6
44.Nc4 Rc6 45.Ne5 Nxe5 46.Rxe5 Ra6 47.h4 g6 48.g4 Kg7 49.Kg3 Kf7 50.Kf4 Rf6+
51.Ke3 Ra6 52.f4 Ra7 53.Ke4 Ra6 54.g5 h5 55.f5 Rc6 56.Rxa5 Rc4+ 57.Ke5 gxf5
58.Kxf5 Rxh4 59.g6+ Kf8 60.Ra8+ Kg7 61.Ra7+ Kg8 62.Kg5 Rg4+ 63.Kh6  1-0

[Event "3rd HD Bank Cup 2013"]
[Site "Ho Chi Minh City VIE"]
[Date "2013.03.24"]
[Round "9.2"]
[White "Zhou Jianchao"]
[Black "Yu Ruiyuan"]
[Result "1/2-1/2"]
[WhiteElo "2595"]
[BlackElo "2556"]

1.d4 d5 2.c4 c6 3.Nf3 Nf6 4.Qc2 g6 5.Bf4 Bg7 6.e3 O-O 7.Nc3 c5 8.dxc5 Qa5
9.a3 Na6 10.Rd1 Bf5 11.Qc1 dxc4 12.Nd2 Qxc5 13.Bxc4 Rad8 14.b4 Qc8 15.Nb5 Nd5
16.Bg3 Bg4 17.Be2 Bxe2 18.Qxc8 Rxc8 19.Kxe2 Nac7 20.Nxc7 Nxc7 21.Ne4 Ne6
22.Rc1 f5 23.Nc5 Nxc5 24.Rxc5 Bb2 25.Rb1 Rxc5 26.bxc5 Bxa3 27.Rxb7 Bxc5 28.Rc7 Bb4
29.Rxa7 Kf7 30.f3 Rd8  1/2-1/2

[Event "O2C Doeberl Cup Premier 2013"]
[Site "Canberra AUS"]
[Date "2013.03.28"]
[Round "2.10"]
[White "Lei Tingjie"]
[Black "Varga,Zo"]
[Result "1/2-1/2"]
[WhiteElo "2232"]
[BlackElo "2446"]

1.d4 d5 2.c4 dxc4 3.Nf3 c6 4.e3 Be6 5.a4 Nf6 6.Nc3 g6 7.Ne5 c5 8.Qf3 cxd4
9.exd4 Qxd4 10.Qxb7 Qxe5+ 11.Be2 Nd5 12.Qxa8 Nxc3 13.bxc3 Bd5 14.Qxa7 Qxc3+
15.Kf1 Qxa1 16.Qxb8+ Kd7 17.Qa7+ Ke8 18.Qb8+ Kd7 19.Qa7+ Kc6 20.Qa8+ Kd6
21.Qb8+ Ke6 22.Qb6+ Kd7 23.Qa7+  1/2-1/2

[Event "LVIII ch-Catarinense 2013"]
[Site "Florianopolis BRA"]
[Date "2013.03.28"]
[Round "1.4"]
[White "Disconzi da Silva,R"]
[Black "Florianovitz,Derlei Alex"]
[Result "1-0"]
[WhiteElo "2377"]
[BlackElo "2064"]

1.d4 d5 2.c4 c6 3.Nf3 Nf6 4.Qc2 e6 5.Bg5 Nbd7 6.e3 Bb4+ 7.Nbd2 Qa5 8.Bxf6 Nxf6
9.Bd3 dxc4 10.Bxc4 O-O 11.O-O Bxd2 12.Qxd2 Qh5 13.Rac1 Ne4 14.Qc2 f5 15.Ne5 Rf6
16.f3 Ng5 17.f4 Ne4 18.g4 Qe8 19.Bd3 Nd6 20.Qg2 Bd7 21.Rf3 Qe7 22.Rg3 Be8
23.Kh1 Bg6 24.Rg1 Rc8 25.gxf5 exf5 26.Nxg6 hxg6 27.Rxg6 Rxg6 28.Qxg6 Rf8
29.Rg3 Rf6 30.Qh5 Ne4 31.Bc4+ Re6 32.Qxf5 Nxg3+ 33.hxg3  1-0

[Event "Paskturneringen Open"]
[Site "Norrkoping SWE"]
[Date "2013.03.29"]
[Round "2"]
[White "Torkkola,Henri"]
[Black "Ulibin,M"]
[Result "0-1"]
[WhiteElo "2120"]
[BlackElo "2521"]

1.Nf3 d5 2.d4 c6 3.c4 dxc4 4.e3 Be6 5.Nc3 b5 6.Ng5 Bc8 7.a4 e6 8.e4 h6 9.Nf3 Bb4
10.axb5 cxb5 11.Be2 Nf6 12.Nd2 Qxd4 13.Nxb5 Qc5 14.Nc3 O-O 15.O-O Rd8 16.Qc2 Nc6
17.Na4 Nd4 18.Qxc4 Qxc4 19.Bxc4 Nc2 20.Nb3 Nxa1 21.Nxa1 Nxe4 22.Nb3 Bd7 23.Nc3 Bxc3
24.bxc3 Rac8 25.Na5 Rxc4 26.Nxc4 Bb5 27.Ne3 Bxf1 28.Kxf1 Nxc3 29.Bb2 Nd1
30.Nxd1 Rxd1+  0-1

[Event "e2e4 Dublin Masters"]
[Site "Dublin IRL"]
[Date "2013.03.30"]
[Round "4"]
[White "Quinn,C"]
[Black "Hayes,Peter J."]
[Result "1-0"]
[WhiteElo "2092"]
[BlackElo "2020"]

1.d4 d5 2.c4 c6 3.Nf3 Nf6 4.g3 dxc4 5.Bg2 Bf5 6.O-O e6 7.Ne5 Nbd7 8.Nxc4 Be7
9.Nc3 Bg6 10.e4 b5 11.Ne5 Nxe5 12.dxe5 Qxd1 13.Nxd1 Nd7 14.f4 Bh5 15.Ne3 g5
16.Nc2 Nb6 17.Be3 O-O-O 18.fxg5 Nc4 19.Bxa7 Rd2 20.Rf2 Rhd8 21.b3 Nxe5 22.h4 Kb7
23.Be3 Rd1+ 24.Rxd1 Rxd1+ 25.Rf1 Rd6 26.b4 Bd1 27.Bd4  1-0

[Event "VII New Open"]
[Site "Lugano SUI"]
[Date "2013.03.30"]
[Round "3.1"]
[White "Maksimenko,An"]
[Black "Hajnal,Z"]
[Result "1/2-1/2"]
[WhiteElo "2543"]
[BlackElo "2349"]

1.d4 d5 2.c4 c6 3.Nf3 Nf6 4.Qc2 dxc4 5.Qxc4 Bf5 6.g3 e6 7.Bg2 Nbd7 8.O-O Be7
9.e3 O-O 10.Rd1 h6 11.Qe2 Rc8 12.Nc3 a6 13.Ne1 b5 14.e4 Bh7 15.Nd3 Qa5 16.a3 b4
17.Na2 b3 18.Nc3 e5 19.dxe5 Nxe5 20.Nxe5  1/2-1/2

[Event "Pobeskydi Open 2013"]
[Site "Frydek-Mistek CZE"]
[Date "2013.03.31"]
[Round "7"]
[White "Skalicky,T"]
[Black "Novosadova,K"]
[Result "1/2-1/2"]
[WhiteElo "1960"]
[BlackElo "2144"]

1.d4 d5 2.Nf3 Nf6 3.c4 c6 4.Qb3 e6 5.g3 Nbd7 6.Bg2 Bd6 7.O-O Ne4 8.Nbd2 Nxd2
9.Nxd2 O-O 10.e4 dxc4 11.Nxc4 Bc7 12.Be3 Qe7 13.Rac1 Rb8 14.Rfd1 Nf6 15.h3 Rd8
16.Ne5 a6 17.Nd3 h6 18.Qc3 Bb6 19.Nc5 Ba7 20.b4 b6 21.Nd3 Bb7 22.Ne5 Rbc8
23.Qb3 c5 24.dxc5 Rxd1+ 25.Rxd1 bxc5 26.bxc5 Bxc5 27.Nd7 Bxe3 28.Qxb7 Bxf2+
29.Kxf2 Rc2+ 30.Kg1 Nxd7 31.Qxd7 Qc5+ 32.Qd4 Qa3 33.Qd8+ Kh7 34.Qd3 Qc5+
35.Kh2 e5 36.Qxa6 Rxg2+ 37.Kxg2 Qc2+ 38.Kf3 Qxd1+ 39.Qe2 Qh1+ 40.Qg2 Qd1+  1/2-1/2

[Event "VII New Open"]
[Site "Lugano SUI"]
[Date "2013.03.31"]
[Round "5.1"]
[White "Epishin,V"]
[Black "Sandipan,C"]
[Result "1-0"]
[WhiteElo "2607"]
[BlackElo "2628"]

1.d4 d5 2.c4 c6 3.Nf3 Nf6 4.Qb3 dxc4 5.Qxc4 Bg4 6.Nbd2 e6 7.g3 Nbd7 8.Bg2 Be7
9.O-O O-O 10.a3 a5 11.Rd1 Nb6 12.Qd3 Nfd7 13.b3 Bf5 14.e4 Bg6 15.Qe3 a4 16.b4 f5
17.Re1 Bf6 18.Bb2 fxe4 19.Nxe4 Nc4 20.Qe2 Bxe4 21.Qxe4 Re8 22.Qc2 Nxb2 23.Qxb2 c5
24.Rad1 cxb4 25.Qxb4 Qb6 26.Qc4 Qd6 27.Ne5 Nf8 28.Ng4 Qxa3 29.Nxf6+ gxf6
30.Bxb7 Rab8 31.Bc6 Rec8 32.d5 Qd6 33.Qxa4 e5 34.Rb1 Ng6 35.Bd7 Rd8 36.Qc6 Rxb1
37.Qxd6 Rxe1+ 38.Kg2 Rf8 39.h4 Nh8 40.Qb4 Ra1 41.Qg4+ Kf7 42.Be6+ Ke8 43.Qb4  1-0

[Event "2nd Martinique Open"]
[Site "Fort-de-France FRA"]
[Date "2013.04.04"]
[Round "4.11"]
[White "Suez Panama,G"]
[Black "Rosalie,Jimmy"]
[Result "1-0"]
[WhiteElo "2047"]
[BlackElo "1671"]

1.d4 Nf6 2.Nf3 d5 3.c4 c6 4.g3 g6 5.Bg2 Bg7 6.O-O O-O 7.Nbd2 Na6 8.a3 Nc7
9.Re1 Bf5 10.Nh4 Be6 11.c5 Qd7 12.Qc2 a5 13.b3 Nb5 14.Bb2 Ng4 15.Nhf3 Nh6
16.Rad1 Nf5 17.Nf1 Rfe8 18.e3 Nh6 19.Ne5 Qc7 20.a4 Na7 21.Nd2 f6 22.Nd3 Nf7
23.Nf4 Bd7 24.e4 e5 25.Nd3 dxe4 26.Nxe4 f5 27.Nd6 Nxd6 28.cxd6 Qxd6 29.dxe5 Qc7
30.Nc5 Bc8 31.e6 b6 32.Bxg7 Kxg7 33.Qc3+ Kg8 34.Nd7 Bxd7 35.Rxd7  1-0

[Event "TCh-NOR Eliteserien 2012-13"]
[Site "Haraldsheim NOR"]
[Date "2013.04.05"]
[Round "7"]
[White "Hobber,A"]
[Black "Stenersen,G"]
[Result "1-0"]
[WhiteElo "2244"]
[BlackElo "2201"]

1.d4 d5 2.c4 c6 3.Nf3 Nf6 4.Qc2 Ne4 5.e3 Bf5 6.Nh4 Be6 7.Bd3 Nf6 8.b3 Na6
9.Bd2 Bd7 10.Nf3 e6 11.c5 Be7 12.O-O Qc8 13.b4 O-O 14.a4 b6 15.Ne5 bxc5 16.bxc5 Rb8
17.Nxd7 Nxd7 18.Bxh7+ Kh8 19.Bd3 Bf6 20.Qd1 g6 21.Bc3 Kg7 22.f4 Qb7 23.Ra2 Nb4
24.Rb2 a5 25.Qd2 g5 26.Qe2 Rh8 27.fxg5 Bxg5 28.Bxb4 axb4 29.Qg4  1-0

[Event "TCh-CAT Div Hon 2013"]
[Site "Catalonia ESP"]
[Date "2013.04.06"]
[Round "10.3"]
[White "Lopez Martinez,Josep"]
[Black "Almeida Toledano,D"]
[Result "1-0"]
[WhiteElo "2499"]
[BlackElo "2326"]

1.d4 d5 2.c4 c6 3.Nf3 Nf6 4.Qb3 dxc4 5.Qxc4 Bf5 6.g3 e6 7.Bg2 Nbd7 8.O-O Be7
9.Nc3 Ne4 10.Qb3 Qb6 11.Nh4 Nxc3 12.bxc3 Bg4 13.Qc2 O-O 14.Rb1 Qa6 15.f3 Bh5
16.g4 Bxh4 17.gxh5 h6 18.f4 f5 19.Qb3 Nb6 20.Qxe6+ Kh8 21.Bf3 Rae8 22.Qb3 Rf6
23.Qc2 Nc4 24.Rb4 Ne3 25.Bxe3 Rxe3 26.c4 b6 27.c5 Qb7 28.Rfb1 Qc7 29.cxb6 axb6
30.Kh1 Kh7 31.Qd2 Rfe6 32.Rxb6 Qxf4 33.d5 Re8 34.R6b4 R8e4 35.Bxe4 fxe4 36.R4b3 Bf2
37.Rf1 Qg5 38.Rxf2  1-0

[Event "e2e4 Gatwick Open 2013"]
[Site "Crawley ENG"]
[Date "2013.04.06"]
[Round "3"]
[White "Merry,Alan B"]
[Black "Malhotra,Tarun"]
[Result "1-0"]
[WhiteElo "2233"]
[BlackElo "1984"]

1.d4 d5 2.c4 c6 3.Nf3 Nf6 4.g3 Bf5 5.Nc3 e6 6.Nh4 Bg6 7.Bg2 Nbd7 8.Nxg6 hxg6
9.Qd3 Bd6 10.O-O O-O 11.b3 Rc8 12.Bb2 Re8 13.e3 Qe7 14.c5 Bb8 15.f4 Nf8 16.b4 N6d7
17.Rfe1 f5 18.b5 g5 19.bxc6 bxc6 20.Rab1 Ng6 21.Bc1 Nf6 22.Qa6 Ne4 23.Nxe4 fxe4
24.Rb7 Qf6 25.fxg5 Qxg5 26.Rf1 Rf8 27.Rxf8+ Rxf8 28.Qxc6 Qf6 29.Rb2 Kh7 30.Qa6 Nh4
31.Qf1 Nf3+ 32.Bxf3 exf3 33.Qd3+ Kg8 34.Rf2 Qg5 35.Bd2 Qg4 36.Ba5 Rf5 37.Qb5 Bxg3
38.hxg3 Qxg3+ 39.Kf1 Kh7 40.Ke1 e5 41.dxe5 Rxe5 42.Bd2 d4 43.Qd3+ Kh8 44.Qxd4 Rh5
45.Qd8+ Kh7 46.Qd3+ Kg8 47.Qc4+ Kh8 48.Qf1 Rxc5 49.Qh1+ Kg8 50.Qxf3 Qe5 51.Qf4 Qe8
52.Qf8+ Qxf8 53.Rxf8+ Kh7 54.Rf7 a6 55.a4 Kh8 56.a5 Rd5 57.Bc3 Rb5 58.Ra7  1-0

[Event "TCh-CRO II Liga 2013"]
[Site "Split CRO"]
[Date "2013.04.06"]
[Round "2.2"]
[White "Sutkovic,D"]
[Black "Bratosevic,M"]
[Result "1/2-1/2"]
[WhiteElo "2344"]
[BlackElo "2180"]

1.d4 d5 2.c4 c6 3.Nf3 Nf6 4.Qc2 e6 5.Bg5 Qa5+ 6.Bd2 Bb4 7.a3 Bxd2+ 8.Nbxd2 O-O
9.e3 Nbd7 10.b4 Qd8 11.Bd3 Re8 12.O-O h6 13.e4 dxe4 14.Nxe4 Nxe4 15.Bxe4 e5
16.d5 cxd5 17.Bxd5 Nf6 18.Rad1 Qc7 19.h3 Be6 20.Bxe6 Rxe6 21.Rfe1 a5 22.c5 axb4
23.axb4 b6 24.Rc1 bxc5 25.Qxc5 Qxc5 26.bxc5 e4 27.Nd4 Re5 28.c6 Rc8 29.c7 Ne8
30.f4 Rd5 31.Rxe4 Kf8 32.Nf3 Rd7 33.Ne5 Re7 34.Rb4 Rexc7  1/2-1/2

[Event "23rd ch-SLO 2013"]
[Site "Sentjur SLO"]
[Date "2013.04.08"]
[Round "4.18"]
[White "Janzelj,T"]
[Black "Florjancic,R"]
[Result "1-0"]
[WhiteElo "2281"]
[BlackElo "1889"]

1.d4 d5 2.c4 c6 3.Nf3 Nf6 4.Qb3 e6 5.g3 Bd6 6.Bg2 Nbd7 7.O-O dxc4 8.Qxc4 O-O
9.Nc3 e5 10.dxe5 Nxe5 11.Nxe5 Bxe5 12.Rd1 Qe7 13.Be3 Be6 14.Qc5 Qxc5 15.Bxc5 Rfe8
16.e4 Nd7 17.Bd4 f6 18.f4 Bxd4+ 19.Rxd4 Nb6 20.Rad1 Re7 21.a4 a5 22.b4 Rd7
23.Rxd7 Bxd7 24.Rd4 Be6 25.bxa5 Nc4 26.a6 bxa6 27.Bf1 Ne3 28.Rd6 Kf7 29.Rxc6 Nxf1
30.Rc7+ Kf8 31.Kxf1 Rb8 32.Rc6 Bf7 33.Nd5 f5 34.Rxa6 fxe4 35.Nb6 Rb7 36.Kf2 Bh5
37.Ke3 Bf3 38.Ra8+ Ke7 39.a5 Kd6 40.Re8 Kc6 41.Re5 Rc7 42.Kd4 Kb7 43.Nd5 Rc1
44.Re7+ Ka6 45.Rxg7 Rd1+ 46.Kc5 Rc1+ 47.Kd6 Rd1 48.Ke5 Kxa5 49.Ra7+ Kb5 50.Nc3+ Kb6
51.Nxd1 Kxa7 52.Ne3 Kb7 53.Kd6 Kb6 54.f5  1-0

[Event "Open Golden Island Krk"]
[Site "Malinska CRO"]
[Date "2013.04.09"]
[Round "5.5"]
[White "Jakovljevic,Vlado"]
[Black "Blazeka,M"]
[Result "1/2-1/2"]
[WhiteElo "2433"]
[BlackElo "2285"]

1.Nf3 d5 2.d4 Nf6 3.c4 c6 4.Qc2 e6 5.Nbd2 c5 6.dxc5 Bxc5 7.cxd5 Qc7 8.Qc3 O-O
9.e3 Nxd5 10.Qb3 Nc6 11.Be2 a6 12.O-O b5 13.Ne4 Be7 14.Bd2 Na5 15.Bxa5 Qxa5
16.Rfc1 Bb7 17.Nc5 Bxc5 18.Rxc5 Rac8 19.Rac1 Rxc5 20.Rxc5 Nb6 21.Qa3 Qxa3
22.bxa3 Rc8 23.Rxc8+ Nxc8 24.Kf1 Bd5 25.a4 bxa4 26.a3 Nd6 27.Nd4 e5 28.Nc2 a5  1/2-1/2

[Event "23rd ch-SLO 2013"]
[Site "Sentjur SLO"]
[Date "2013.04.10"]
[Round "5.13"]
[White "Ivanovic,An"]
[Black "Cretnik,Urban"]
[Result "1-0"]
[WhiteElo "2127"]
[BlackElo "1806"]

1.d4 d5 2.c4 c6 3.Nf3 Nf6 4.Qb3 dxc4 5.Qxc4 Nbd7 6.Qc2 e6 7.e4 c5 8.Nc3 b6
9.Be2 Bb7 10.O-O Rc8 11.d5 exd5 12.exd5 Bd6 13.Bg5 O-O 14.Rad1 h6 15.Bh4 Re8
16.Bc4 a6 17.a4 Ne5 18.Nxe5 Bxe5 19.Bg3 Qd6 20.Rfe1 Bxg3 21.hxg3 Rcd8 22.Qd3 Ra8
23.Rxe8+ Nxe8 24.Re1 Qd7 25.b3 Nd6 26.Re5 g6 27.Qe2 Nf5 28.Qg4 Kg7 29.Qe2 Nd4
30.Qe3 Nf5 31.Qe4 Kf8 32.Qf4 Kg7 33.g4 Nd6 34.Ne4 g5 35.Qf6+ Kg8 36.Qxd6 Qxg4
37.Nf6+  1-0

[Event "10th Balagne Rapid KO"]
[Site "Calvi FRA"]
[Date "2013.04.14"]
[Round "2.1"]
[White "Tkachiev,V"]
[Black "Svetushkin,D"]
[Result "1-0"]
[WhiteElo "2632"]
[BlackElo "2588"]

1.Nf3 d5 2.d4 Nf6 3.g3 c6 4.c4 dxc4 5.Bg2 Nbd7 6.O-O Nb6 7.Qc2 g6 8.e4 Bg7
9.a4 a5 10.Na3 O-O 11.h3 Nfd7 12.Rd1 Qc7 13.Bg5 e5 14.d5 cxd5 15.exd5 Qc5
16.Nd2 f5 17.Ndxc4 Nxc4 18.Qxc4 Bf6 19.Bxf6 Rxf6 20.Qe2 e4 21.Rac1 Qf8 22.Nb5 Ne5
23.Rc7 Rf7 24.Rdc1 Bd7 25.Rxb7 Bxb5 26.Qxb5 Rd8 27.Rxf7 Qxf7 28.d6 Qe6 29.Rd1 Nd3
30.Rxd3  1-0

[Event "7th Agzamov Memorial"]
[Site "Tashkent UZB"]
[Date "2013.04.17"]
[Round "4"]
[White "Mirzoev,A"]
[Black "Gevorgyan,I"]
[Result "1-0"]
[WhiteElo "2557"]
[BlackElo "2161"]

1.d4 d5 2.Nf3 Nf6 3.c4 c6 4.Qc2 Na6 5.e3 g6 6.a3 Bf5 7.Qa4 Nc7 8.Nc3 Bg7
9.Be2 O-O 10.O-O Ne4 11.Qb3 Qd7 12.Rd1 Rfd8 13.cxd5 cxd5 14.Bd2 Rac8 15.Be1 Qc6
16.Rac1 Qb6 17.Qxb6 axb6 18.h3 Nd6 19.g4 Bd7 20.Ne5 Be8 21.Nd3 e6 22.Nf4 Ncb5
23.Na2 Nc4 24.Rb1 Bf8 25.Nd3 Nbd6 26.Bb4 Na5 27.Rdc1 Bb5 28.Nc3 Bc4 29.Na4 Nb3
30.Re1 b5 31.Nac5 b6 32.Nxb3 Bxb3 33.Rbc1 g5 34.Rxc8 Rxc8 35.Nc1 Bc2 36.Bxd6 Bxd6
37.Bxb5 Be4 38.Bd3 Bf3 39.Nb3 h5 40.Be2 hxg4 41.hxg4 Be4 42.Rc1 Rxc1+ 43.Nxc1 Bc2
44.Kf1 e5 45.Ke1 exd4 46.exd4 Bf4 47.Na2 Bb3 48.Nb4 Bd6 49.Kd2 Bxb4+ 50.axb4 Ba4
51.b5 Bb3 52.Kc3 Ba2 53.Bd3  1-0

[Event "ch-ESP University 2013"]
[Site "Badajoz ESP"]
[Date "2013.04.18"]
[Round "7.3"]
[White "Alshameary Puente,I"]
[Black "Pallardo Lozoya,J"]
[Result "1-0"]
[WhiteElo "2110"]
[BlackElo "2360"]

1.d4 d5 2.c4 c6 3.Nf3 Nf6 4.g3 dxc4 5.Bg2 b5 6.O-O Bb7 7.Nc3 e6 8.e4 Be7
9.a4 a6 10.e5 Nd5 11.Ne4 h6 12.h4 Nd7 13.Bd2 N7b6 14.Ba5 Qc8 15.Nc5 Bxc5
16.dxc5 Nxa4 17.Qd4 O-O 18.Nd2 Rb8 19.Nxc4 bxc4 20.Rxa4 Ba8 21.Rxc4 Rb5 22.Ra1 f6
23.Bh3 Bb7 24.exf6 Rxf6 25.Qe5 Kh8 26.Be1 Qe8 27.b4 Bc8 28.Re4 Qf8 29.Bf1 Rf5
30.Qd4 Rb8 31.Bxa6 Bd7 32.Bd3 Re8 33.Re5 Rxe5 34.Qxe5 Rb8 35.Ra7 Nf6 36.Bd2 Rd8
37.Bc2 Be8 38.Bc3 Rd5 39.Qf4 Rd7  1-0

[Event "ch-POL 2013"]
[Site "Chorzow POL"]
[Date "2013.04.18"]
[Round "6.8"]
[White "Grabarczyk,M"]
[Black "Hnydiuk,A"]
[Result "1-0"]
[WhiteElo "2452"]
[BlackElo "2400"]

1.d4 d5 2.c4 c6 3.Nf3 Nf6 4.Qc2 dxc4 5.Qxc4 Bf5 6.g3 e6 7.Bg2 Nbd7 8.O-O Be7
9.e3 O-O 10.Rd1 Qc7 11.Qe2 e5 12.h3 h6 13.Nc3 Rfe8 14.dxe5 Nxe5 15.Nxe5 Qxe5
16.e4 Be6 17.f4 Qa5 18.Kh2 Rad8 19.Be3 Rxd1 20.Rxd1 Rd8 21.Rxd8+ Bxd8 22.a3 Bb6
23.Bxb6 Qxb6 24.Qd2 Bb3 25.Bf3 Qc7 26.e5 Nd7 27.Qd4 Nb6 28.Bg4 Be6 29.Bxe6 fxe6
30.Ne4 Nc8 31.g4 b6 32.b4 Ne7 33.Qd6 Nd5 34.Qxe6+ Qf7 35.Qxf7+ Kxf7 36.Kg3 Ne3
37.f5 Nc2 38.Nd6+ Kf8 39.Nc4 Ke7 40.h4 b5 41.Na5 Kd7 42.g5 hxg5 43.hxg5 Nd4
44.Kg4 g6 45.fxg6 Ke6 46.Nb7 Ke7 47.Nd8 Kf8 48.e6  1-0

[Event "ch-LTU 2013"]
[Site "Vilnius LTU"]
[Date "2013.04.20"]
[Round "5.5"]
[White "Laurusas,T"]
[Black "Labeckas,K"]
[Result "1/2-1/2"]
[WhiteElo "2384"]
[BlackElo "2354"]

1.d4 d5 2.c4 c6 3.Nf3 Nf6 4.Nbd2 Bf5 5.g3 e6 6.Bg2 h6 7.O-O Be7 8.b3 O-O
9.Bb2 Ne4 10.Ne5 Nxd2 11.Qxd2 Nd7 12.Nxd7 Qxd7 13.f3 Bg6 14.e4 Rfd8 15.Rad1 Rac8
16.Kh1 b5 17.Qe2 bxc4 18.bxc4 Qb7 19.c5 Qb4 20.Ba1 Qa4 21.exd5 cxd5 22.Rc1 Rc6
23.Rfd1 Rb8 24.Rd2 Bg5 25.f4 Bf6 26.g4 Rcc8 27.Rf1 Re8 28.Qf2 Qd7 29.f5 exf5
30.gxf5 Bh5 31.Rc2 Qc6 32.Bb2 Re7 33.Qg3 Rbe8 34.Qb3 Re1 35.Rf2 Bh4 36.Rxe1 Rxe1+
37.Rf1 Rxf1+ 38.Bxf1 Qe8 39.Qd3 Qe1 40.Bc3 Qf2 41.Bg2 Bg5 42.Qg3 Qxf5 43.Be1 Bf4
44.Qb3 Be2 45.Qxd5 Qxd5 46.Bxd5 Kf8 47.Kg2  1/2-1/2

[Event "48th Capablanca Open I 2013"]
[Site "Havana CUB"]
[Date "2013.04.22"]
[Round "2.19"]
[White "Franco Valencia,B"]
[Black "Quesada Perez,Ya"]
[Result "0-1"]
[WhiteElo "2158"]
[BlackElo "2433"]

1.d4 d5 2.Nf3 Nf6 3.c4 c6 4.g3 dxc4 5.Bg2 b5 6.Ne5 Bb7 7.O-O e6 8.a4 a6 9.Nc3 Nd5
10.e4 Nxc3 11.bxc3 Be7 12.Qe2 Nd7 13.Ng4 O-O 14.Rd1 Nb6 15.a5 Na4 16.Rxa4 bxa4
17.e5 Rb8 18.Be4 c5 19.d5 exd5 20.Nh6+ Kh8 21.Nxf7+ Rxf7 22.e6 Rf6 23.Bg5 Rxe6  0-1

[Event "48th Capablanca Open II 2013"]
[Site "Havana CUB"]
[Date "2013.04.22"]
[Round "2.43"]
[White "Carrillo,Jose Antonio"]
[Black "Gonzalez Ramos,Eduardo"]
[Result "0-1"]
[WhiteElo "1871"]
[BlackElo "2048"]

1.d4 d5 2.c4 c6 3.Nf3 Nf6 4.g3 g6 5.Bg2 Bg7 6.O-O O-O 7.Qc2 Bf5 8.Qb3 Qb6
9.Nc3 Nbd7 10.c5 Qxb3 11.axb3 Rfe8 12.Bf4 Ne4 13.Bc7 e5 14.e3 exd4 15.exd4 Bg4
16.Rfd1 Bxf3 17.Bxf3 Ng5 18.Bg2 Ne6 19.Bd6 Nxd4 20.b4 Ne2+ 21.Nxe2 Rxe2 22.Re1 Rxb2
23.Re7 Rxb4 24.Bxd5 cxd5 25.c6 bxc6 26.Bxb4 Bxa1 27.Rxd7 a5 28.Bc5 Rc8 29.Kf1 Bc3
30.Ke2 Bb4 31.Bd4 c5 32.Bf6 d4 33.Kd3 c4+ 34.Kc2 d3+ 35.Kd1 Re8  0-1

[Event "Zonal 2.5 2013"]
[Site "Montevideo URU"]
[Date "2013.04.22"]
[Round "5.14"]
[White "Ibar,M"]
[Black "Izquierdo,S"]
[Result "1-0"]
[WhiteElo "2196"]
[BlackElo "2035"]

1.d4 Nf6 2.Nf3 d5 3.c4 c6 4.Nbd2 Bf5 5.g3 e6 6.Bg2 h6 7.O-O Be7 8.b3 Nbd7
9.Bb2 O-O 10.Ne5 Nxe5 11.dxe5 Nd7 12.cxd5 cxd5 13.e4 dxe4 14.Bxe4 Bxe4 15.Nxe4 Nb6
16.Qf3 Kh8 17.Rfd1 Qe8 18.Nf6 Qc6 19.Qh5 Qc2 20.Bd4 gxf6 21.exf6 Ba3 22.Qxh6+ Qh7
23.Qg7+ Qxg7 24.fxg7+ Kg8 25.gxf8=Q+ Bxf8 26.Bxb6 axb6 27.Rd7 Ra7 28.a4 Bc5
29.Rad1 Kg7 30.Rc7 Kf6 31.Rdd7 Ke5 32.Rxf7 Kd4 33.b4 Bd6 34.Rfd7 Kd5 35.Rc1  1-0